[Event "Berlin-ch QT"]
[Site "Berlin"]
[Date "2017.04.13"]
[Round "5"]
[White "Mahler, Sonja"]
[Black "Reichert, Lutz"]
[Result "1-0"]
[WhiteElo "1546"]
[BlackElo "1646"]
[PlyCount "65"]
[EventDate "2017.04.09"]
[EventType "swiss"]
[EventRounds "9"]
[EventCountry "GER"]
[SourceTitle "CBM 189 Extra"]
[Source "ChessBase"]
[SourceDate "2019.05.31"]
[SourceVersion "1"]
[SourceVersionDate "2019.05.31"]
[SourceQuality "1"]

1. d4 d6 2. Bf4 Nf6 3. e3 Nbd7 4. Nf3 Nh5 5. Bg5 g6 6. c3 Bg7 7. Qb3 0-0 8. Bd3 c5 9. Na3 cxd4 10. cxd4 Qa5+ 11. Ke2 e5 12. Nc4 Qd5 13. e4 Qc6 14. Rac1 d5 15. Ne3 dxe4 16. Rxc6 exd3+ 17. Kd2 bxc6 18. Qxd3 exd4 19. Ng4 Nc5 20. Qc2 Ne6 21. Nh6+ Kh8 22. h4 Ba6 23. Qxc6 Nxg5 24. hxg5 Be2 25. Nxf7+ Kg8 26. Nxd4 Bg4 27. Qd5 Rad8 28. Nxd8+ Kh8 29. Nf7+ Kg8 30. Nh6+ Kh8 31. Nxg4 Rf4 32. Ne6 Rxg4 33. Qd8+ 1-0

[Event "Berlin Spring op-B"]
[Site "Berlin"]
[Date "2014.05.02"]
[Round "4"]
[White "Kuenne, Lutz Dieter"]
[Black "Reichert, Lutz"]
[Result "0-1"]
[WhiteElo "1354"]
[BlackElo "1521"]
[PlyCount "98"]
[EventDate "2014.05.01"]
[EventType "swiss"]
[EventRounds "7"]
[EventCountry "GER"]
[SourceTitle "CBM 160 Extra"]
[Source "ChessBase"]
[SourceDate "2014.07.01"]
[SourceVersion "1"]
[SourceVersionDate "2014.07.01"]
[SourceQuality "1"]

1. e4 d6 2. d4 Nf6 3. Nc3 e5 4. dxe5 dxe5 5. Qxd8+ Kxd8 6. Bg5 c6 7. 0-0-0+ Ke8 8. Kb1 Be6 9. f3 Nbd7 10. Be3 Bc5 11. Bxc5 Nxc5 12. Nge2 Ke7 13. Nc1 Nfd7 14. Nd3 Rhd8 15. g4 f6 16. h4 a5 17. Nxc5 Nxc5 18. Rxd8 Rxd8 19. Be2 b5 20. Rd1 Rc8 21. Bd3 b4 22. Ne2 Rd8 23. b3 a4 24. Nc1 g6 25. Be2 axb3 26. axb3 Ra8 27. Nd3 Nxd3 28. Bxd3 Rd8 29. Be2 Rd4 30. Rxd4 exd4 31. Bd3 Kd6 32. Kc1 Ke5 33. Kd2 Kf4 34. Ke2 f5 35. gxf5 gxf5 36. Kf2 h6 37. exf5 Bxf5 38. Bxf5 Kxf5 39. Kg3 h5 40. Kg2 Kf4 41. Kf2 c5 42. Kg2 Ke3 43. Kg3 Kd2 44. f4 Kxc2 45. f5 d3 46. f6 d2 47. f7 d1Q 48. f8Q Qg1+ 49. Kh3 Qg4+ 0-1

[Event "Berlin Lichtenberger op 11th"]
[Site "Berlin"]
[Date "2012.08.21"]
[Round "4"]
[White "Bandlow, Reinhard"]
[Black "Reichert, Lutz"]
[Result "1-0"]
[WhiteElo "1983"]
[BlackElo "1733"]
[PlyCount "61"]
[EventDate "2012.08.18"]
[EventType "swiss"]
[EventRounds "9"]
[EventCountry "GER"]
[SourceTitle "CBM 150 Extra"]
[Source "ChessBase"]
[SourceDate "2012.10.19"]
[SourceVersion "1"]
[SourceVersionDate "2012.10.19"]
[SourceQuality "1"]

1. e4 d6 2. d4 Nf6 3. Nc3 e5 4. Nf3 exd4 5. Nxd4 Be7 6. Be2 0-0 7. Be3 a6 8. 0-0 Re8 9. f4 Nbd7 10. Bf3 Rb8 11. Nf5 Bf8 12. Ba7 Ra8 13. Bd4 c5 14. Bf2 Nb6 15. Qd3 Bxf5 16. exf5 Qc7 17. g4 Rad8 18. g5 c4 19. Qd4 Nfd7 20. Nd5 Nxd5 21. Bxd5 Nc5 22. Rae1 b5 23. g6 hxg6 24. fxg6 Ne6 25. gxf7+ Qxf7 26. Qe4 Kh8 27. Bxe6 Qh5 28. f5 d5 29. Qg2 Bd6 30. Re3 d4 31. Rh3 1-0

[Event "Berlin Lichtenberger op 11th"]
[Site "Berlin"]
[Date "2012.08.19"]
[Round "2"]
[White "Grassi, Fabrizio"]
[Black "Reichert, Lutz"]
[Result "1-0"]
[WhiteElo "1933"]
[BlackElo "1733"]
[PlyCount "101"]
[EventDate "2012.08.18"]
[EventType "swiss"]
[EventRounds "9"]
[EventCountry "GER"]
[SourceTitle "CBM 150 Extra"]
[Source "ChessBase"]
[SourceDate "2012.10.19"]
[SourceVersion "1"]
[SourceVersionDate "2012.10.19"]
[SourceQuality "1"]

1. d4 d6 2. Bf4 Nf6 3. e3 g6 4. Nf3 Bg7 5. Be2 0-0 6. 0-0 b6 7. h3 Bb7 8. a4 a6 9. Na3 Nbd7 10. Bh2 c5 11. c3 Rc8 12. Rc1 Rc7 13. Qb3 Qa8 14. Rfe1 Rfc8 15. Ra1 cxd4 16. exd4 Bd5 17. Qd1 Re8 18. Qd3 Bb7 19. Nc4 Bc6 20. Qd1 Qb8 21. Nxd6 exd6 22. Bxd6 Qc8 23. Bxa6 Qxa6 24. Bxc7 Rxe1+ 25. Nxe1 Qc8 26. Bh2 Ne4 27. f3 Ng5 28. h4 Ne6 29. d5 Bxa4 30. Qxa4 Qc5+ 31. Kh1 Nef8 32. Qc6 Qf2 33. Qc4 Qxb2 34. Ra2 Qc1 35. Re2 Bf6 36. Bg3 h6 37. Bf4 Qb1 38. Qd3 Qb3 39. g3 Qa4 40. c4 Nc5 41. Qc2 Qd7 42. Kg2 g5 43. hxg5 hxg5 44. Be5 Bxe5 45. Rxe5 f6 46. Re2 Qg7 47. Qf5 Nb3 48. Re8 Nd4 49. Qe4 f5 50. Qe5 Qf7 51. Re7 1-0

[Event "Berlin Lichtenberger op 11th"]
[Site "Berlin"]
[Date "2012.08.18"]
[Round "1"]
[White "Reichert, Lutz"]
[Black "Konrad, Erhard"]
[Result "0-1"]
[WhiteElo "1733"]
[BlackElo "1956"]
[PlyCount "112"]
[EventDate "2012.08.18"]
[EventType "swiss"]
[EventRounds "9"]
[EventCountry "GER"]
[SourceTitle "CBM 150 Extra"]
[Source "ChessBase"]
[SourceDate "2012.10.19"]
[SourceVersion "1"]
[SourceVersionDate "2012.10.19"]
[SourceQuality "1"]

1. c4 f5 2. g3 Nf6 3. Nc3 e6 4. Bg2 d5 5. cxd5 exd5 6. Nf3 c6 7. d4 Bd6 8. Bg5 h6 9. Bxf6 Qxf6 10. e3 0-0 11. a3 b6 12. 0-0 Bb7 13. b4 a6 14. Qb3 Kh8 15. a4 Nd7 16. Rfd1 b5 17. a5 g5 18. Qc2 Rae8 19. Rab1 Rf7 20. Na2 Nf8 21. Re1 Ng6 22. Re2 Rfe7 23. Rbe1 Kg7 24. Nd2 h5 25. Nb3 Rh8 26. f3 h4 27. e4 fxe4 28. fxe4 dxe4 29. Rf2 Qe6 30. Nc5 Bxc5 31. dxc5 hxg3 32. Qc3+ Qe5 33. Qxg3 Qxg3 34. hxg3 Rhe8 35. Rfe2 e3 36. Nc1 Ne5 37. Nb3 Nd3 38. Rf1 Nxb4 39. Nd4 Re5 40. Nf5+ Kg6 41. Nd6 R8e7 42. Be4+ Rxe4 43. Nxe4 Rxe4 44. Rf8 Nd5 45. Rb8 Re7 46. Rg8+ Kf6 47. Kg2 Rc7 48. Re1 Bc8 49. Rf1+ Ke5 50. Rxg5+ Kd4 51. Rc1 Kd3 52. Re5 Rf7 53. Ra1 Bg4 54. Ra3+ Kd4 55. Rg5 Bf3+ 56. Kf1 Rh7 0-1

[Event "Berlin Lichtenberger op 10th"]
[Site "Berlin"]
[Date "2011.08.19"]
[Round "7"]
[White "Reichert, Lutz"]
[Black "Toth, Hans Juergen"]
[Result "1-0"]
[WhiteElo "1757"]
[BlackElo "1641"]
[PlyCount "69"]
[EventDate "2011.08.13"]
[EventType "swiss"]
[EventRounds "9"]
[EventCountry "GER"]
[SourceTitle "CBM 143 Extra"]
[Source "ChessBase"]
[SourceDate "2011.08.29"]
[SourceVersion "1"]
[SourceVersionDate "2011.08.29"]
[SourceQuality "1"]

1. g3 f5 2. Nf3 Nf6 3. c4 e6 4. Nc3 Bb4 5. Bg2 c6 6. 0-0 0-0 7. a3 Bxc3 8. bxc3 d5 9. cxd5 exd5 10. d4 Nbd7 11. Qc2 Ne4 12. Nd2 Ndf6 13. f3 Nd6 14. a4 Be6 15. Ba3 Re8 16. Bxd6 Qxd6 17. e4 fxe4 18. fxe4 Qd7 19. e5 Ng4 20. Rae1 Rf8 21. Nf3 Bf5 22. Qd2 Be4 23. Ng5 Rxf1+ 24. Rxf1 Bg6 25. Qf4 Nh6 26. Bh3 Qe7 27. Be6+ Kh8 28. h4 a6 29. g4 b5 30. h5 Be4 31. a5 Rb8 32. Nf7+ Nxf7 33. Bxf7 c5 34. e6 Qh4 35. Qxb8+ 1-0

[Event "Berlin Lichtenberger op 9th"]
[Site "Berlin"]
[Date "2010.08.13"]
[Round "7"]
[White "Strehlow, Horst"]
[Black "Reichert, Lutz"]
[Result "1-0"]
[WhiteElo "2101"]
[BlackElo "1778"]
[PlyCount "75"]
[EventDate "2010.08.07"]
[EventType "swiss"]
[EventRounds "9"]
[EventCountry "GER"]
[SourceTitle "CBM 137 Extra"]
[Source "ChessBase"]
[SourceDate "2010.09.01"]
[SourceVersion "1"]
[SourceVersionDate "2010.09.01"]
[SourceQuality "1"]

1. e4 d6 2. d4 Nf6 3. Nc3 e5 4. Nf3 exd4 5. Nxd4 g6 6. Be2 Bg7 7. h4 a6 8. h5 0-0 9. hxg6 fxg6 10. Bh6 Qe7 11. Bxg7 Qxg7 12. Qd2 Nc6 13. Nxc6 bxc6 14. 0-0-0 Bg4 15. f3 Be6 16. g4 Rab8 17. Qh6 Rb6 18. Qxg7+ Kxg7 19. b3 a5 20. a4 Rfb8 21. Rh3 h5 22. Rg3 hxg4 23. fxg4 Rh8 24. Bf3 Rh4 25. Rdg1 Rb4 26. Kd2 d5 27. exd5 cxd5 28. g5 Ne4+ 29. Nxe4 dxe4 30. Bd1 Bf5 31. Rc3 Rd4+ 32. Kc1 Rd7 33. Rc5 Rh2 34. Rxa5 Rdd2 35. Rc5 e3 36. Rxc7+ Kf8 37. Rg3 Bg4 38. Bxg4 1-0

[Event "Berlin Lichtenberger op 9th"]
[Site "Berlin"]
[Date "2010.08.09"]
[Round "3"]
[White "Kohlmeyer, Dagobert"]
[Black "Reichert, Lutz"]
[Result "1-0"]
[WhiteElo "1888"]
[BlackElo "1778"]
[PlyCount "41"]
[EventDate "2010.08.07"]
[EventType "swiss"]
[EventRounds "9"]
[EventCountry "GER"]
[SourceTitle "CBM 137 Extra"]
[Source "ChessBase"]
[SourceDate "2010.09.01"]
[SourceVersion "1"]
[SourceVersionDate "2010.09.01"]
[SourceQuality "1"]

1. e4 g6 2. d4 Bg7 3. Nc3 d6 4. Nf3 Nf6 5. Bg5 0-0 6. Qd2 a6 7. 0-0-0 b5 8. a3 Bb7 9. Bd3 Nbd7 10. h3 c5 11. d5 c4 12. Be2 Nc5 13. Qe3 Qc7 14. Nd4 Rfe8 15. f3 Rab8 16. Bh6 Bc8 17. Bxg7 Kxg7 18. Nc6 Rb7 19. e5 Qb6 20. exf6+ Kxf6 21. Ne4+ 1-0

[Event "Berlin Lichtenberger op 9th"]
[Site "Berlin"]
[Date "2010.08.07"]
[Round "2"]
[White "Reichert, Lutz"]
[Black "Boeck, Moacir Luis"]
[Result "1/2-1/2"]
[WhiteElo "1778"]
[BlackElo "1779"]
[PlyCount "87"]
[EventDate "2010.08.07"]
[EventType "swiss"]
[EventRounds "9"]
[EventCountry "GER"]
[SourceTitle "CBM 137 Extra"]
[Source "ChessBase"]
[SourceDate "2010.09.01"]
[SourceVersion "1"]
[SourceVersionDate "2010.09.01"]
[SourceQuality "1"]

1. g3 d5 2. Bg2 e5 3. d3 Nf6 4. Nd2 Bc5 5. e3 Bg4 6. Ne2 c6 7. 0-0 0-0 8. c4 dxc4 9. Nxc4 Qe7 10. h3 Bh5 11. Qc2 Na6 12. a3 Rfd8 13. b4 Bd6 14. Nxd6 Rxd6 15. d4 Bxe2 16. Qxe2 exd4 17. Rd1 dxe3 18. Bxe3 Nc7 19. Rxd6 Qxd6 20. Bc5 Qd7 21. Rd1 Ncd5 22. Qb2 Qf5 23. Re1 Nd7 24. Qe2 N5f6 25. Bd4 a5 26. bxa5 Qxa5 27. Bxf6 Nxf6 28. Qe7 h6 29. Rb1 Re8 30. Qxb7 c5 31. a4 c4 32. Qb5 Re1+ 33. Rxe1 Qxe1+ 34. Kh2 c3 35. Qb4 Qe5 36. Qc4 g5 37. f4 gxf4 38. gxf4 Qe3 39. a5 Qd2 40. a6 c2 41. a7 c1Q 42. a8Q+ Kg7 43. Qxc1 Qxc1 44. Qf3 1/2-1/2

[Event "Berlin-ch Class-D"]
[Site "Berlin"]
[Date "2010.05.14"]
[Round "5"]
[White "Reichert, Lutz"]
[Black "Fabiunke, Jakob"]
[Result "1-0"]
[WhiteElo "1360"]
[BlackElo "1222"]
[PlyCount "35"]
[EventDate "2010.05.12"]
[EventType "tourn"]
[EventRounds "9"]
[EventCountry "GER"]
[SourceTitle "EXT 2012"]
[Source "ChessBase"]
[SourceDate "2011.11.24"]
[SourceVersion "1"]
[SourceVersionDate "2011.11.24"]
[SourceQuality "1"]

1. g3 d5 2. Nf3 c5 3. Bg2 Nc6 4. 0-0 Nf6 5. d3 e5 6. Nbd2 Be7 7. b3 Bg4 8. Bb2 Bd6 9. h3 Bxf3 10. Nxf3 0-0 11. a3 Re8 12. c3 Rc8 13. Rc1 Qb6 14. Nd2 e4 15. dxe4 dxe4 16. Nc4 Qc7 17. Qxd6 Qxd6 18. Nxd6 1-0

[Event "Berlin-ch Class-D"]
[Site "Berlin"]
[Date "2010.05.13"]
[Round "2"]
[White "Reichert, Lutz"]
[Black "Kaufmann, Mathias"]
[Result "1/2-1/2"]
[WhiteElo "1360"]
[BlackElo "1300"]
[PlyCount "32"]
[EventDate "2010.05.12"]
[EventType "tourn"]
[EventRounds "9"]
[EventCountry "GER"]
[SourceTitle "EXT 2012"]
[Source "ChessBase"]
[SourceDate "2011.11.24"]
[SourceVersion "1"]
[SourceVersionDate "2011.11.24"]
[SourceQuality "1"]

1. g3 d5 2. Nf3 c6 3. Bg2 Nf6 4. d3 e6 5. 0-0 Qb6 6. Nbd2 Be7 7. b3 0-0 8. Bb2 Bd7 9. c4 dxc4 10. Nxc4 Qd8 11. Rc1 Na6 12. a3 Rb8 13. Ncd2 Nc7 14. Rc2 Nb5 15. Qa1 a5 16. Rd1 Ra8 1/2-1/2

[Event "Berlin op 09"]
[Site "Berlin"]
[Date "2005.10.10"]
[Round "5"]
[White "Reichert, Lutz"]
[Black "Schalck, Christiano"]
[Result "1-0"]
[WhiteElo "1358"]
[BlackElo "1587"]
[PlyCount "103"]
[EventDate "2005.09.05"]
[EventType "swiss"]
[EventRounds "7"]
[EventCountry "GER"]
[SourceTitle "EXT 2007"]
[Source "ChessBase"]
[SourceDate "2006.11.23"]
[SourceVersion "1"]
[SourceVersionDate "2006.11.23"]
[SourceQuality "1"]

1. c4 Nf6 2. g3 d5 3. Bg2 dxc4 4. Nf3 Nc6 5. 0-0 g6 6. Na3 Be6 7. h3 Bg7 8. Qc2 0-0 9. Nxc4 Nb4 10. Qa4 Nbd5 11. d3 c6 12. Qd1 Nb6 13. Ncd2 Qd6 14. Ng5 Bf5 15. Rb1 Rad8 16. Qb3 h6 17. Nge4 Qb8 18. Nxf6+ Bxf6 19. Ne4 Bg7 20. a3 Be6 21. Qc2 Qc8 22. Kh2 Bd5 23. Be3 f5 24. Nc5 Bxg2 25. Kxg2 Kh7 26. Qb3 Rd5 27. f4 e5 28. fxe5 Rxe5 29. d4 Re7 30. Rf2 Nd5 31. Rf3 Rfe8 32. Bg1 Rxe2+ 33. Kh1 b6 34. Na4 Re1 35. Rxe1 Rxe1 36. Kg2 Qe8 37. Nc3 Nxc3 38. Qxc3 Re2+ 39. Bf2 c5 40. Kf1 Qe4 41. Qd3 cxd4 42. Qxe2 Qb1+ 43. Kg2 Qa2 44. Rd3 Qd5+ 45. Kg1 Qc5 46. Qd1 Qb5 47. Bxd4 Bxd4+ 48. Rxd4 a5 49. Rd7+ Kh8 50. Rd8+ Kg7 51. Qd7+ Qxd7 52. Rxd7+ 1-0

[Event "Berlin op 09"]
[Site "Berlin"]
[Date "2005.09.12"]
[Round "2"]
[White "Reichert, Lutz"]
[Black "Czikuss, Hans Joachim"]
[Result "0-1"]
[WhiteElo "1358"]
[BlackElo "1830"]
[PlyCount "92"]
[EventDate "2005.09.05"]
[EventType "swiss"]
[EventRounds "7"]
[EventCountry "GER"]
[SourceTitle "EXT 2007"]
[Source "ChessBase"]
[SourceDate "2006.11.23"]
[SourceVersion "1"]
[SourceVersionDate "2006.11.23"]
[SourceQuality "1"]

1. Nf3 c5 2. c4 Nc6 3. g3 g6 4. Bg2 Bg7 5. d3 e5 6. Nc3 Nge7 7. 0-0 0-0 8. Rb1 d6 9. a3 h6 10. Bd2 Bg4 11. h3 Be6 12. b4 Qd7 13. Kh2 Rad8 14. bxc5 dxc5 15. Ne4 b6 16. Bxh6 f6 17. Bxg7 Kxg7 18. Qd2 Rh8 19. h4 Nf5 20. Rh1 Nh6 21. Kg1 Nf7 22. Qb2 Ne7 23. Rd1 Bxc4 24. Bh3 Qc7 25. Kg2 Bd5 26. Nc3 Bc6 27. e4 Nd6 28. Qe2 Nb5 29. Nxb5 Bxb5 30. Ne1 Rd6 31. Bg4 Bd7 32. Bxd7 Qxd7 33. Nf3 Rd8 34. h5 Rxd3 35. Rde1 g5 36. h6+ Kh7 37. Nxg5+ fxg5 38. Qh5 Rf8 39. Rd1 Rxd1 40. Rxd1 Qe8 41. Qxg5 Qf7 42. Qxe5 Nc6 43. Qd6 Qxf2+ 44. Kh3 Qf6 45. Qc7+ Rf7 46. Rd7 Qe6+ 0-1